[Event "Cologne Longerich op 09th"]
[Site "Cologne"]
[Date "2012.08.05"]
[Round "3"]
[White "Begri, Robert"]
[Black "Dijkhuis, Sven"]
[Result "1/2-1/2"]
[WhiteElo "2031"]
[BlackElo "1724"]
[PlyCount "86"]
[EventDate "2012.08.03"]
[EventType "tourn"]
[EventRounds "5"]
[EventCountry "GER"]
[SourceTitle "EXT 2017"]
[Source "ChessBase"]
[SourceDate "2016.10.25"]
[SourceVersion "1"]
[SourceVersionDate "2016.10.25"]
[SourceQuality "1"]

1. d4 Nf6 2. Nf3 g6 3. c4 Bg7 4. Nc3 0-0 5. e4 d6 6. Be2 e5 7. dxe5 dxe5 8. Qxd8 Rxd8 9. Bg5 Re8 10. Rd1 c6 11. 0-0 Na6 12. Rd6 Be6 13. Be3 Ng4 14. Bc1 Bf8 15. Rdd1 Nc5 16. Ng5 Bc8 17. Rfe1 h6 18. Nf3 Nf6 19. Nd2 Be6 20. f3 a5 21. Nf1 Na6 22. Be3 Bc5 23. Na4 Bxe3+ 24. Nxe3 Nd7 25. a3 Nac5 26. Nxc5 Nxc5 27. b4 axb4 28. axb4 Nb3 29. b5 Nd4 30. bxc6 bxc6 31. Rd2 Ra3 32. Kf2 Rb8 33. Red1 Rc3 34. Bd3 Rbb3 35. h3 Ra3 36. Ng4 Bxg4 37. hxg4 Kg7 38. Bf1 Nc2 39. Rc1 Nd4 40. Rcd1 g5 41. Rb1 Rab3 42. Ra1 Ra3 43. Rb1 Rab3 1/2-1/2

[Event "Cologne Longerich op 7th"]
[Site "Cologne"]
[Date "2010.07.30"]
[Round "1"]
[White "Begri, Robert"]
[Black "Khanukov, Boris"]
[Result "1/2-1/2"]
[WhiteElo "1982"]
[BlackElo "2258"]
[PlyCount "100"]
[EventDate "2010.07.30"]
[EventType "swiss"]
[EventRounds "5"]
[EventCountry "GER"]
[SourceTitle "EXT 2011"]
[Source "ChessBase"]
[SourceDate "2010.11.26"]
[SourceVersion "1"]
[SourceVersionDate "2010.11.26"]
[SourceQuality "1"]

1. e4 c5 2. Nf3 Nc6 3. d4 cxd4 4. Nxd4 g6 5. Nc3 Bg7 6. Be3 Nf6 7. Bc4 0-0 8. 0-0 Nxe4 9. Nxe4 d5 10. Nxc6 bxc6 11. Bc5 Qc7 12. Bd4 dxe4 13. Bxg7 Kxg7 14. Qd4+ e5 15. Qxe4 Bf5 16. Qe2 h5 17. h3 Rad8 18. Rad1 h4 19. Rxd8 Rxd8 20. Rd1 f6 21. Bb3 Rxd1+ 22. Qxd1 Qd7 23. Qe2 Qd4 24. c3 Qd3 25. Qxd3 Bxd3 26. Ba4 c5 27. f3 f5 28. Kf2 Kf6 29. Ke3 Bb1 30. a3 f4+ 31. Kf2 e4 32. fxe4 Bxe4 33. b4 cxb4 34. axb4 Ke5 35. Bb3 g5 36. Bc4 Bc2 37. Bf7 Bd1 38. Bc4 Ke4 39. Ba6 g4 40. hxg4 Bxg4 41. c4 h3 42. gxh3 Bxh3 43. c5 Ke5 44. Kf3 Be6 45. Bb7 Bb3 46. b5 Bd1+ 47. Kf2 Ba4 48. b6 axb6 49. cxb6 Kd6 50. Be4 Bc6 1/2-1/2

[Event "Boeblingen op 26th"]
[Site "Boeblingen"]
[Date "2009.12.29"]
[Round "7"]
[White "Szenetra, Werner"]
[Black "Begri, Robert"]
[Result "1/2-1/2"]
[WhiteElo "2214"]
[BlackElo "2064"]
[PlyCount "40"]
[EventDate "2009.12.26"]
[EventType "swiss"]
[EventRounds "9"]
[EventCountry "GER"]
[SourceTitle "CBM 134 Extra"]
[Source "ChessBase"]
[SourceDate "2010.03.03"]
[SourceVersion "1"]
[SourceVersionDate "2010.03.03"]
[SourceQuality "1"]

1. Nf3 Nf6 2. d3 d5 3. g3 c5 4. Nbd2 Nc6 5. Bg2 e6 6. 0-0 Be7 7. e4 0-0 8. c3 b5 9. Re1 a5 10. e5 Nd7 11. Nf1 Ba6 12. h4 b4 13. N1h2 a4 14. a3 bxc3 15. bxc3 Na5 16. Ra2 Rb8 17. Bg5 Rb3 18. Qc2 Nc6 19. Bf1 Qa5 20. Bd2 Qc7 1/2-1/2

[Event "Cologne Longerich op 6th"]
[Site "Cologne"]
[Date "2009.08.23"]
[Round "3"]
[White "Roehlich, Philipp"]
[Black "Begri, Robert"]
[Result "0-1"]
[WhiteElo "1438"]
[BlackElo "2004"]
[PlyCount "68"]
[EventDate "2009.08.21"]
[EventType "swiss"]
[EventRounds "5"]
[EventCountry "GER"]
[SourceTitle "EXT 2012"]
[Source "ChessBase"]
[SourceDate "2011.11.24"]
[SourceVersion "1"]
[SourceVersionDate "2011.11.24"]
[SourceQuality "1"]

1. e4 e6 2. d4 d5 3. exd5 exd5 4. Nf3 Bd6 5. Bd3 Ne7 6. 0-0 Nbc6 7. c3 Bg4 8. Bg5 f6 9. Bh4 g5 10. Bg3 Ng6 11. Re1+ Nce7 12. h3 Bxg3 13. fxg3 Bxf3 14. Qxf3 Qd6 15. Bf5 0-0 16. Re6 Qd7 17. Nd2 Nxf5 18. Qxf5 Rae8 19. Rae1 c6 20. Qg4 Rxe6 21. Qxe6+ Qxe6 22. Rxe6 Kf7 23. Re2 Ne7 24. Nb3 Nf5 25. Kf2 Nd6 26. Nc5 b6 27. Nd3 h5 28. b3 Ne4+ 29. Ke3 Nxg3 30. Rc2 Re8+ 31. Kf3 Nf5 32. Nb4 Re6 33. c4 a5 34. cxd5 Nxd4+ 0-1

[Event "Cologne Longerich op 6th"]
[Site "Cologne"]
[Date "2009.08.23"]
[Round "5"]
[White "Scholl, Martin"]
[Black "Begri, Robert"]
[Result "1-0"]
[WhiteElo "2041"]
[BlackElo "2004"]
[PlyCount "177"]
[EventDate "2009.08.21"]
[EventType "swiss"]
[EventRounds "5"]
[EventCountry "GER"]
[SourceTitle "EXT 2012"]
[Source "ChessBase"]
[SourceDate "2011.11.24"]
[SourceVersion "1"]
[SourceVersionDate "2011.11.24"]
[SourceQuality "1"]

1. c4 e6 2. Nc3 Nf6 3. e4 d5 4. e5 d4 5. exf6 dxc3 6. bxc3 Qxf6 7. Nf3 e5 8. Bd3 Na6 9. Qe2 Bd6 10. 0-0 Nc5 11. Bc2 Bg4 12. d4 Bxf3 13. Qxf3 Qxf3 14. gxf3 exd4 15. cxd4 Ne6 16. Ba4+ c6 17. d5 Nc5 18. Re1+ Kd7 19. dxc6+ bxc6 20. Bc2 Ne6 21. Bf5 Rhe8 22. Rd1 Kc7 23. Bd2 Bc5 24. Ba5+ Bb6 25. Bb4 c5 26. Bxe6 cxb4 27. Bxf7 Re2 28. c5 Bxc5 29. Rac1 Kb6 30. Rd7 Rc8 31. Kg2 Rxf2+ 32. Kg3 Re2 33. Bc4 Bf2+ 34. Kg4 h5+ 35. Kxh5 Re5+ 36. Kg6 Rc6+ 37. Kxg7 Rec5 38. Rf1 Bh4 39. Bd5 Rf6 40. Rd1 Rf4 41. Rb7+ Ka6 42. Rf7 Rxf7+ 43. Bxf7 Rc2 44. Rd4 Be1 45. Rd6+ Kb5 46. Be8+ Ka5 47. Bf7 Bc3+ 48. Kg6 Rxh2 49. Bc4 Rg2+ 50. Kf5 b3 51. a3 Ka4 52. Ra6+ Ba5 53. Bxb3+ Kb5 54. Bc4+ Ka4 55. Rxa7 Rf2 56. Ke4 Rh2 57. f4 Rh1 58. Bd3 Re1+ 59. Kd5 Rd1 60. Kd4 Ra1 61. f5 Rxa3 62. f6 Kb3 63. Rb7+ Bb4 64. Bc4+ Ka4 65. Ra7+ Ba5 66. Bd5 Kb5 67. Rb7+ Ka6 68. f7 Ra4+ 69. Bc4+ Kxb7 70. f8Q Bb6+ 71. Kd5 Ra5+ 72. Ke6 Rc5 73. Bd5+ Ka6 74. Qf1+ Ka5 75. Qa1+ Kb5 76. Qb2+ Ka6 77. Qa3+ Ra5 78. Bc4+ Kb7 79. Qe7+ Bc7 80. Bd5+ Kb6 81. Qd7 Rc5 82. Qc8 Ka5 83. Qb7 Bb6 84. Qa8+ Kb5 85. Bb7 Ba5 86. Qa6+ Kb4 87. Qd6 Kc4 88. Ba6+ Kb4 89. Qd4+ 1-0